000 00811nam a2200301 a 4500
003 AR-BaBNM
005 20251128210852.0
008 082120s2002 ||||||||||||||000 | spa||
020 _a950-09-1258-9
040 _cAR-BaBNM
100 1 _aDurán, Carlos Joaquín
245 0 0 _aTerminamos de estudiar ¿y ahora?
250 _a1ª ed.
260 _aBuenos Aires
_bPaulinas
_bSan Pablo
_c1998
300 _a95 p.
_bil.
490 0 _aReggae
650 4 _aEDUCACION RELIGIOSA
650 4 _aPAPEL DE LA FAMILIA
650 4 _aPAPEL DE LA EDUCACION
650 4 _aMEDIOS DE COMUNICACION
650 4 _aIDENTIFICACION
650 4 _aADOLESCENTES
653 _aORIENTACION VOCACIONAL
653 _aORIENTACION EDUCATIVA
800 1 _aDurán, Carlos Joaquín
_edirector
942 _cBK
998 _cRAQUEL
999 _c17231
_d17231